000 00793nam a2200229 a 4500
999 _c1590
_d1590
001 1590
003 BD-JhCC
005 20190527134006.0
008 171022s891. bg |||| ||a| 000 0 ben d
020 _a984073724X
035 _a(BD-JhCC)1590
040 _aBD-JhCC
_dBD-JhCC
041 _aben
082 _a891.4409
_bHAQ 1998
100 _aহক, সৈয়দ আজিজুল
245 _aমানিক বন্দোপাধ্যায়ের ছোটগল্প :
_bসমাজচেতনা ও জীবনের রূপায়ণ /
_cসৈয়দ আজিজুল হক
260 _aঢাকা :
_bবাংলা একাডেমী,
_c1998.
300 _a445 p. :
_c21 cm.
650 _aBengali Literature
942 _2ddc
_cBK
_01